|
|
|
|
| LEADER |
02209nam a2200541 i 4500 |
| 001 |
nkc20172954531 |
| 003 |
CZ PrNK |
| 005 |
20190709163439.0 |
| 007 |
ta |
| 008 |
180112s2017 xr abchf 001 0 cze |
| 015 |
|
|
|a cnb002954531
|
| 020 |
|
|
|a 978-80-7036-546-5
|q (brožováno)
|
| 035 |
|
|
|a (OCoLC)1022795259
|
| 040 |
|
|
|a ABA001
|b cze
|e rda
|
| 041 |
0 |
|
|a cze
|b ger
|
| 043 |
|
|
|a e-xr---
|
| 045 |
|
|
|a w-w-
|
| 072 |
|
7 |
|a 902
|x Archeologie
|2 Konspekt
|9 8
|
| 080 |
|
|
|a 902
|2 MRF
|
| 080 |
|
|
|a 902(091)
|2 MRF
|
| 080 |
|
|
|a (437.3)
|2 MRF
|
| 080 |
|
|
|a (048.8)
|2 MRF
|
| 100 |
1 |
|
|a Sklenář, Karel,
|d 1938-
|7 jk01111527
|4 aut
|
| 245 |
1 |
0 |
|a Archeologie v Čechách v období analytického pozitivismu (1868-1892) :
|b od Vocelova "Pravěku" po střetnutí muzejní a univerzitní školy = Archäologie in Böhmen in der Zeitperiode des analytischen Positivismus (1868-1892) : Seit Vocel's "Vorzeit" bis zur Auseinandersetzung der Museums- und der Universitätsschule /
|c Karel Sklenář
|
| 246 |
3 |
1 |
|a Archäologie in Böhmen in der Zeitperiode des analytischen Positivismus (1868-1892)
|
| 250 |
|
|
|a První vydání
|
| 264 |
|
1 |
|a Praha :
|b Národní muzeum,
|c 2017
|
| 300 |
|
|
|a 303 stran :
|b ilustrace (některé barevné), mapy, portréty, faksimile ;
|c 30 cm
|
| 336 |
|
|
|a text
|b txt
|2 rdacontent
|
| 337 |
|
|
|a bez média
|b n
|2 rdamedia
|
| 338 |
|
|
|a svazek
|b nc
|2 rdacarrier
|
| 490 |
1 |
|
|a Fontes Archaeologici Pragenses,
|x 0015-6183 ;
|v volumen 44
|
| 500 |
|
|
|a 550 výtisků
|
| 504 |
|
|
|a Obsahuje bibliografii, bibliografické odkazy a rejstřík
|
| 546 |
|
|
|a Německé resumé
|
| 648 |
|
7 |
|a 19. století
|7 ch460557
|2 czenas
|
| 650 |
0 |
7 |
|a archeologie
|7 ph118578
|z Česko
|y 19. století
|2 czenas
|
| 650 |
0 |
7 |
|a dějiny archeologie
|7 ph492492
|z Česko
|2 czenas
|
| 650 |
0 |
9 |
|a archaeology
|z Czechia
|y 19th century
|2 eczenas
|
| 650 |
0 |
9 |
|a history of archaeology
|z Czechia
|2 eczenas
|
| 655 |
|
7 |
|a monografie
|7 fd132842
|2 czenas
|
| 655 |
|
9 |
|a monographs
|2 eczenas
|
| 830 |
|
0 |
|a Fontes archaeologici Pragenses
|0 s
|
| 910 |
2 |
|
|a BOA001
|b 4-1402.539
|
| 990 |
|
|
|a BK
|
| 995 |
|
|
|a 01
|
| 991 |
|
|
|b 201801
|c NOV
|
| 996 |
6 |
|
|b 2610732039
|c 4-1402.539
|l MZK
|r Sklad / do 1 hodiny
|n 3
|p p.v.
|w 001649060
|u 000010
|a 1
|e BOA001
|j MZK50
|s P
|